000
00314nam a22001457a 4500
008
221130b ||||| |||| 00| 0 eng d
020
_a
9781617316166
041
_a
eng
080
_a
611
082
_a
611MOR
100
_a
10
101
_a
ANAT
245
_a
DISCOVERING ANATOMY
_c
MORTON A D
942
_2
udc
_c
BK
999
_c
59049
_d
59049